000 00351nam a2200157Ia 4500
003 OSt
005 20240307111908.0
008 170523s9999 xx 000 0 und d
020 _a978-0072872903
040 _ciimtu meerut
100 _aDESS- TAYLOR
245 0 _aSTRATEGIC MANAGEMENT
260 _bMC GRAW HILL
260 _c2004
942 _2ddc
_c02
999 _c1146
_d1146